Top 20 meilleur joueur du PSG - Statistiques

Statistiques générales
  • Ce quiz a été pris 512 fois
  • Le résultat moyen est 13 sur 20
Statistiques - réponses
Année de jeu Sélection national Poste Joueur % Correct
2017 - 2024 France Attaquant Kylian Mbappé
100%
2017-2023 Brésil Attaquant Neymar
94%
2013-2020 Uruguay Attaquant Edinson Cavani
90%
2012 - 2016 Suède Attaquant Zlatan Ibrahimovic
90%
2012 - 2020 Brésil Défenseur Thiago Silva
85%
2013 - 2024 Brésil Défenseur Marquinhos
82%
2015-2022 Argentine Attaquant Angel Di Maria
81%
2012-2023 Italie Milieu Marco Veratti
81%
2001 - 2003 Brésil Milieu Ronaldinho
76%
2003 - 2008 Portugal Attaquant Pedro Miguel Pauleta
69%
1992 - 1995 Libéria Attaquant George Weah
64%
2012 - 2018 Italie Milieu Thiago Motta
64%
1992 - 19971998 - 2000 France Gardien Bernard Lama
56%
1993 - 1998 Brésil Milieu Rai
54%
1998 - 2002 Nigéria Milieu Jay-Jay Okocha
49%
1992 - 1995 France Attaquant David Ginola
34%
1974 - 1984 Yougoslavie Milieu Safet Susic
25%
1982 - 1991 Algérie Milieu Mustapha Dahleb
22%
2008-2011 France Milieu Claude Makélélé
21%
1978 - 1986 France Milieu Luis Fernandez
19%
Aucun quiz correspondant
Distribution des résultats
% des personnes avec chaque résultat
Percentile par nombre de réponses
Votre historique - résultats
Vous n’avez pas pris ce quiz